| 000 | 00990nam a22002537a 4500 | ||
|---|---|---|---|
| 999 |
_c6329 _d6329 |
||
| 003 | AR-CdUCM | ||
| 008 | 190314b ||||| |||| 00| 0 spa d | ||
| 020 | _a978-612-47132-3-1 | ||
| 040 |
_aMUNICIPALIDAD PROVINCIAL DEL CUSCO _cBIBLIOTECA MUNICIPAL DEL CUSCO |
||
| 082 |
_22ed. _a869.57 / _bN841 |
||
| 100 |
_aNoriega Bernuy, Julio _918103 |
||
| 110 |
_aMinisterio de cultura Cusco. _918104 |
||
| 245 |
_aPoesía quechua en el Perú : _bAntología / |
||
| 260 |
_aCusco : _bGráfica educativa, _c2016. |
||
| 300 |
_a614 páginas ; _c21 cm. |
||
| 440 |
_aCh´aska Machu colección _918105 |
||
| 500 | _aTexto bilingüe, castellano - quechua. | ||
| 505 | _aContenido: Hombre piojo, conviértete en una pulga -- Nuestra vida -- Pachakuteq -- Poderoso cóndor -- No despiertes mi corazón -- Puma -- Llanto de huérfano... | ||
| 650 |
_aPoesía cusqueña. _92323 |
||
| 650 |
_apoemas en quechua. _95954 |
||
| 650 |
_aLiteratura en quechua. _918106 |
||
| 942 |
_2ddc _cLIBROS |
||
| 945 | _adavv | ||